Music Quiz

Random Music or Song Quiz

Ruined By A Letter: Songs (1990s) Quiz Stats

 Plays Quiz Updated Jul 19, 2018

Score 0/25 Timer 04:00
2 Plays Today
% Correct
A
94.8%
O
94.3%
B
93.9%
R
93.1%
W
92.9%
K
92.8%
T
92.1%
E
91.9%
Y
91.5%
F
90.8%
C
90.6%
M
89.9%
I
89.8%
% Correct
P
89.2%
S
89.1%
N
89.1%
J
89%
L
88.5%
U
87.4%
D
85.8%
H
84%
G
80.6%
Z
80.3%
V
75%
X
71.7%

You're not logged in!

Compare scores with friends on all Sporcle quizzes.
OR
Log In

Show Comments

Extras

Top Quizzes Today


Score Distribution

Your Account Isn't Verified!

In order to create a playlist on Sporcle, you need to verify the email address you used during registration. Go to your Sporcle Settings to finish the process.

Report this User

Report this user for behavior that violates our Community Guidelines.

Details: